Statistics for Top 15 Countries with Covid-19 Cases - 30 May

Click here to take the quiz!

General Stats

  • This quiz has been taken 16 times
  • The average score is 17 of 25

Answer Stats

country% Correct
United States
100%
Brazil
94%
France
94%
Russia
94%
United Kingdom
94%
Italy
88%
Mexico
88%
Sweden
88%
Germany
81%
India
81%
Spain
81%
Canada
75%
Iran
75%
Ireland
69%
Turkey
69%
Peru
63%
Belgium
56%
Chile
56%
Chile
56%
Switzerland
56%
Qatar
44%
Kuwait
38%
Singapore
38%
Bahrain
31%
Belarus
19%

Score Distribution

Percentile by Number Answered

Percent of People with Each Score

Your Score History

You have not taken this quiz